A carregar...

ADVANCES IN APPLIED MICROBIOLOGY

Detalhes bibliográficos
Autor principal: NULL
Formato: Printed Book
Publicado em: LONDON & NEW YORK ACADEMIC PRESS 1975
Assuntos:
LEADER 00517nam a2200205 4500
020
037
082 |a 579 PER 
100 |a NULL 
245 |a ADVANCES IN APPLIED MICROBIOLOGY  |h English 
250
260 |a LONDON & NEW YORK  |b ACADEMIC PRESS  |c 1975 
300 |a 332  |f HB 
500
590
630
650 |a ADVANCES IN APPLIED MICROBIOLOGY 
942 |c TB 
999 |c 169864  |d 169864 
952 |0 0  |1 0  |4 0  |6 579_000000000000000_PER  |7 0  |9 183301  |a BOT  |b BOT  |l 0  |o 579 PER  |p BOT4972  |r 2019-10-25  |w 2019-10-25  |y TB